| 000 | 01131nam0a2200325 4500 | ||
|---|---|---|---|
| 001 | RU\NLR\BIBL_A\022459169 | ||
| 005 | 20250303112256.0 | ||
| 010 |
_a978-5-600-03675-8 _91000 |
||
| 021 |
_aRU _bКН-П-24-082122 _9КН-П-24-8187 |
||
| 035 | _a(NLR Aleph) 022459169 | ||
| 090 |
_a13362974 _c13362974 |
||
| 100 | _a20250217d2024 u y0rusy50 ca | ||
| 101 | 0 | _arus | |
| 102 | _aRU | ||
| 105 | _aа z 000аy | ||
| 181 | 0 |
_ab3 _bab2e |
|
| 181 | 0 |
_ai1 _baxxe |
|
| 182 | 0 | _an | |
| 200 | 1 |
_aДомашние истории _eстихи для детей _eпосвящается всем кого люблю! _fНаталья Рудакова _gхудожник Дарья Лесь |
|
| 203 |
_aИзображение _aТекст _bвизуальные _cнепосредственные |
||
| 210 |
_a[Б. м. _cб. и.] _d2024 |
||
| 215 |
_a21 с. _cцв. ил. _d21х21 |
||
| 686 | 0 | _aШ9(2)60=Р7-5 | |
| 700 | 1 |
_aРудакова _bН. _gНаталья |
|
| 702 | 1 |
_aЛесь _bД. _gДарья _4440 |
|
| 942 | _cBOOK | ||
| 980 | _aNB | ||